000 00427nam a2200145Ia 4500
008 100204s9999 xx 000 0 und d
082 _b5606
100 _aमंगेशकर गीता
245 _aसुगंध
260 _b"बांदोडकर पब्लिशिंग हाऊस, गोवा"
_c1983
300 _a241
630 _aसुगंध
730 _aसुगंध
942 _cBOOK
999 _c450172
_d450169